000 00596nam a2200241Ia 4500
003 OSt
005 20220928105112.0
006 a|||||r|||| 00| 0
007 ta
008 220927b |||||||| |||| 00| 0 eng d
024 _a66607
037 _cTextual
040 _aSDCL
_cSDCL
_beng
041 _2eng
_aeng
082 _aO142,3M99,5, N5
100 _aNabokov V
245 0 _aLolita
260 _aLondon
_bPenguin Books
_c1995
300 _a331p.
_ccm.
650 _aFiction Nabokov
942 _hO142,3M99,5, N5
_cTEXL
_2CC
999 _c729586
_d729586